000 00264nam a22001217a 4500
008 171102b xxu||||| |||| 00| 0 eng d
041 _aeng
080 _a530.14
100 _a59
101 _aKAP
245 _aECONOMICS EXPLAINED
_cHEILBRONER,R
942 _2udc
_cBK
999 _c37190
_d37190